Loading...
| History - World | 1 | 5 | 0 | 0 | 65 | 61 | 87.17 | 2 | 6 | 0.00 | 0.00 |
| Philosophy | 1 | 5 | 2 | 1 | 55 | 76 | 101.67 | 3 | 6 | 0.00 | 0.00 |
| History - European | 2 | 2 | 0 | 0 | 50 | 49 | 73.50 | 3 | 4 | 0.00 | 0.00 |
| Literature - British | 0 | 5 | 2 | 0 | 40 | 108 | 125.80 | 1 | 5 | 0.00 | 0.00 |
| Literature - European | 0 | 4 | 0 | 2 | 40 | 114 | 132.50 | 0 | 4 | 0.00 | 0.00 |
| Literature - American | 0 | 4 | 1 | 0 | 35 | 97 | 106.25 | 3 | 4 | 0.00 | 0.00 |
| Literature - World | 0 | 3 | 0 | 0 | 30 | 91 | 97.33 | 1 | 3 | 0.00 | 0.00 |
| Social Science | 0 | 2 | 0 | 0 | 20 | 93 | 111.00 | 0 | 2 | 0.00 | 0.00 |
| Social Science- Edited | 0 | 1 | 0 | 0 | 10 | 83 | 83.00 | 0 | 1 | 0.00 | 0.00 |
| Fine Arts - Visual | 0 | 1 | 0 | 1 | 10 | 145 | 145.00 | 0 | 1 | 0.00 | 0.00 |
| History - American | 0 | 1 | 0 | 0 | 10 | 68 | 68.00 | 1 | 1 | 0.00 | 0.00 |
| History - Other | 0 | 2 | 2 | 1 | 10 | 92 | 107.00 | 0 | 2 | 0.00 | 0.00 |
| Pop Culture | 0 | 1 | 0 | 0 | 10 | 81 | 81.00 | 0 | 1 | 0.00 | 0.00 |
| Religion | 0 | 1 | 0 | 0 | 10 | 104 | 104.00 | 1 | 1 | 0.00 | 0.00 |
| Fine Arts - Auditory | 0 | 1 | 0 | 0 | 10 | 121 | 121.00 | 0 | 1 | 0.00 | 0.00 |
| Fine Arts - Other | 0 | 0 | 0 | 0 | 0 | 0.00 | 0 | 0 | 0.00 | 0.00 |